Atlas to the topographical dictionaries of England and Wales (Record no. 114130)

MARC details
000 -LEADER
fixed length control field 00751cam a22001815a 4500
001 - CONTROL NUMBER
control field L156254
008 - FIXED-LENGTH DATA ELEMENTS--GENERAL INFORMATION
fixed length control field 120509s1845 xxk f 000 0 eng d
035 ## - SYSTEM CONTROL NUMBER
System control number (Sirsi) u156254
041 0# - LANGUAGE CODE
Language code of text/sound track or separate title eng
100 1# - MAIN ENTRY--PERSONAL NAME
Personal name Lewis, Samuel
Dates associated with a name d. 1865
245 00 - TITLE STATEMENT
Title Atlas to the topographical dictionaries of England and Wales
Remainder of title comprising a general map of England and Wales, a plan of London, and maps of the Counties of Anglesea, Bedford, ...
260 ## - PUBLICATION, DISTRIBUTION, ETC.
Place of publication, distribution, etc. London
Name of publisher, distributor, etc. Published by S. Lewis and Co., 13, Finsbury Place, South.
Date of publication, distribution, etc. M.DCCC.XLV [1845]
300 ## - PHYSICAL DESCRIPTION
Extent [2] p., [57] leaves of plates (some fold.)
Other physical details maps (col.)
Dimensions 30 cm.
583 0# - ACTION NOTE
Action Condition reviewed
Time/date of action 20120620
Status condition level 1
651 #4 - SUBJECT ADDED ENTRY--GEOGRAPHIC NAME
Geographic name England and Wales
Chronological subdivision 1543-
690 ## - LOCAL SUBJECT ADDED ENTRY--TOPICAL TERM (OCLC, RLIN)
Topical term or geographic name as entry element Geomatics
9 (RLIN) 6242
942 ## - ADDED ENTRY ELEMENTS (KOHA)
Suppress in OPAC 0
Holdings
Withdrawn status Lost status Source of classification or shelving scheme Damaged status Not for loan Home library Current library Shelving location Date acquired Total Checkouts Full call number Barcode Date last seen Copy number Price effective from Koha item type
    Dewey Decimal Classification     Historic collection Historic collection Historic collection 09/05/2012   FOLIO 1845 LEWIS 30077594 06/08/2019 1 06/08/2019 Book